Größte Städte der Welt nach Buchstabe - N - Statistiken

Allgemein
  • Dieses Quiz wurde 326 mal gespielt
  • Das Durchschnittsergebnis liegt bei 8 aus 20
Antwortstatistiken
Land Bevölkerung Stadt % Korrekt
USA 23,1 Mio. New York
93%
Italien 4,05 Mio. Neapel
92%
Kenia 6,55 Mio. Nairobi
87%
Vereinigtes Königreich 1,46 Mio. Newcastle
60%
Vereinigtes Königreich 1,37 Mio. Nottingham
56%
Niger 1,43 Mio. Niamey
51%
Japan 10,5 Mio. Nagoya
47%
Tschad 1,81 Mio. N’Djamena
45%
Russland 1,84 Mio. Nowosibirsk
45%
China 9,05 Mio. Nanjing
44%
Russland 1,66 Mio. Nischni Nowgorod
41%
USA 1,64 Mio. Nashville
38%
Indien 3,45 Mio. Nagpur
20%
China 5,10 Mio. Nanning
20%
Brasilien 1,46 Mio. Natal
16%
China 7,10 Mio. Ningbo
14%
China 4,80 Mio. Nanchang
11%
China 3,25 Mio. Nantong
8%
China 1,55 Mio. Nanyang
6%
Indien 2,28 Mio. Nashik
6%
Keine übereinstimmenden Quizze gefunden
Verteilung der Resultate
Anzahl Personen mit jedem Resultat
Perzentil nach korrekt beantworteten Fragen
Ihre Resultats-Entwicklung
Sie haben dieses Quiz noch nicht gespielt